00819nam a2200205Ia 4500952010200000952010200102999001700204008004100221020001500262050002100277100003200298245006100330250001800391260003700409300003500446505005200481519004300533650002500576942001200601 00102lcc4070a01b01d2022-09-26l0oCB104 S43 1965p16 002052r2023-07-12t1w2022-09-26yLB 00102lcc4070a01b01d2022-09-26l0oCB104 S43 1965p16 002053r2023-07-12t2w2022-09-26yLB c68714d68714120626s1965 ag a 000 0 spa d a9501325407 aCB104 bS43 1965 aSecco Ellauri, Oscareautor aLa antigúedad y la edad media c/ Oscar Secco Ellauri a4a. edición aBuenos Airesb: Kapeluszc, 1965 a429 páginasb: ilustraciones aI. Prehistoria II. Edad antigua III. Edad media a Material complementario /d 16 002052 0aEDAD MEDIAxHISTORIA cLB2lcc